| 000 | 00586nam a2200157 a 4500 | ||
|---|---|---|---|
| 001 | 000031426 | ||
| 005 | 20200930062924.0 | ||
| 008 | 110622s1934 dr r 000 0 spa d | ||
| 040 |
_aDO-SdBNP _bspa _cBNPHU |
||
| 082 |
_axxxx _bxxxx |
||
| 100 | 1 |
_aOrtega, Augusto _957816 |
|
| 245 | 1 | 0 |
_aTexto auxiliar de geografía evolutiva para el trazado de mapas en las escuelas por el procedimiento de longitudes y latitudes : _bAugusto Ortega. |
| 260 |
_aSantiago de los Caballeros : _bTip. Corazón de Jesús, _c1934. |
||
| 300 |
_av. : ; _c21 cm. |
||
| 500 | _aLa biblioteca solo posee el tomo III | ||
| 999 |
_c30918 _d30918 |
||